Harry Potter - Spells - Statistics

General Stats
  • This quiz has been taken 1,304 times
  • The average score is 12 of 15
Answer Stats
Hint Answer % Correct
Causes extreme pain The Cruciatus Curse
96%
Prevents dementor attack Expecto Patronum
95%
The Killing Curse Avada Kedavra
94%
Makes light come from the tip of your wand Lumos
94%
Summons objects Accio
93%
A popular disarming spell Expelliarmus
92%
Allows complete control of another The Imperius Curse
91%
Levitation Charm Wingardium Leviosa
89%
Unlocks Alohomora
87%
Fixes things Oculus Reparo
87%
The Half-Blood Prince's horrible spell, Harry uses it on Malfoy Sectumsempra
86%
A defensive spell : P_____o Protego
75%
Reduces things to dust Reducto
61%
Ginny Weasley's signature hex: Bat Bogey Hex
44%
Causes temporary deafness Muffliato
42%
No matching quizzes found
Score Distribution
Percent of People with Each Score
Percentile by Number Answered
Your Score History
You have not taken this quiz